| 000 | 01071cam a22003011 4500 | ||
|---|---|---|---|
| 001 | 7182 | ||
| 003 | BD-RjUL | ||
| 005 | 20211208234357.0 | ||
| 008 | 140113s1966 nyu 001 0 eng | ||
| 035 | _a(BD-RjUL)7224 | ||
| 035 | _a(OCoLC)525638 | ||
| 040 |
_aDLC _cODaWU _dOCoLC _dUk _dDLC _dBD-RjUL _beng |
||
| 041 | 1 |
_aeng _hrus |
|
| 082 |
_a512.81 _bBON 1966 |
||
| 100 | 1 |
_aBorevich, Z. I. _q(Zenon Ivanovich) _922469 |
|
| 245 | 1 | 0 |
_aNumber theory, _cby Z.I. Borevich and I.R. Shafarevich. Translated by Newcomb Greenleaf for Scripta Technica, translators, New York. |
| 260 |
_aNew York : _bAcademic Press , _cc1966 |
||
| 300 |
_ax, 435 p. ; _c23 cm. |
||
| 490 | 1 |
_aPure and applied mathematics; a series of monographs and textbooks, _v20 |
|
| 504 | _aIncludes index. | ||
| 650 | 0 |
_aNumber theory. _922470 |
|
| 830 | 0 |
_v20. _922482 |
|
| 700 | 1 |
_aShafarevich, I. R. _q(Igorʹ Rostislavovich), _d1923- _ejoint author. _922472 |
|
| 830 | 0 |
_aPure and applied mathematics (Academic Press) ; _922483 |
|
| 942 |
_2ddc _cBK |
||
| 999 |
_c7182 _d7182 |
||